LEADER 01009nam0-2200325---450- 001 990009297090403321 005 20101213161940.0 010 $a88-7166-939-8 035 $a000929709 035 $aFED01000929709 035 $a(Aleph)000929709FED01 035 $a000929709 100 $a20101213d2005----km-y0itay50------ba 101 2 $aita$alat 102 $aIT 105 $a--------001zy 200 1 $aInvective contra medicum$aInvectiva contra quendam magni status hominem sed nullius scientie aut virtutis$fFrancesco Petrarca$ga cura di Francesco Bausi 210 $aFirenze$cLe Lettere$d2005 215 $a214 p.$d21 cm 676 $a878.0408 700 1$aPetrarca,$bFrancesco$f<1304-1374>$0292779 702 1$aBausi,$bFrancesco$f<1960- > 801 0$aIT$bUNINA$gRICA$2UNIMARC 901 $aBK 912 $a990009297090403321 952 $a851.1 PETR 17(1)$bDip.f.m.14994$fFLFBC 959 $aFLFBC 996 $aInvectiva$9532487 996 $aInvective contra medicum$9301549 997 $aUNINA